000 00548cam a2200205ua 4500
001 5991
005 20260515113950.0
008 131030n ii |||gr||||Z||||||eng
040 _cMAIN
082 _a973
100 _aParkes,Henry Bamford,
_eAuthor.
245 _aUnited States of America :
_bA History /
_cby Henry Bamford Parkes .
250 _a1st Reprint.
260 _aDelhi:
_bKhosla Publishing House,
_c1986.
300 _a805p.
653 _aUnited States
653 _aUnited States of America
653 _aA History
942 _cBK
999 _c5140
_d5140